[Event "PACA-ch corr"]
[Site "France"]
[Date "1999.??.??"]
[Round "?"]
[White "Constantin, Pierre"]
[Black "Bologna, Michel"]
[Result "0-1"]
[WhiteElo "1850"]
[BlackElo "1920"]
[PlyCount "38"]
[EventDate "1999.12.15"]
[EventType "tourn (corr)"]
[EventRounds "8"]
[EventCountry "FRA"]
[SourceTitle "Corr 2004"]
[Source "ChessBase"]
[SourceDate "2003.04.28"]
[SourceVersion "3"]
[SourceVersionDate "2003.04.28"]
[SourceQuality "1"]

1. e4 e6 2. d3 d5 3. Nc3 Bb4 4. a3 Bf8 5. Nf3 Nf6 6. Be2 Bc5 7. 0-0 0-0 8. d4 dxe4 9. dxc5 exf3 10. gxf3 Nc6 11. Bd3 e5 12. Be3 Bh3 13. Re1 Qd7 14. b4 Rad8 15. Be2 Qxd1 16. Rexd1 Bf5 17. Bd3 Bxd3 18. cxd3 Rd7 19. Kh1 Rfd8 0-1

[Event "PACA-ch corr"]
[Site "France"]
[Date "1999.??.??"]
[Round "?"]
[White "Constantin, Pierre"]
[Black "Toussaint, Herve"]
[Result "0-1"]
[WhiteElo "1850"]
[BlackElo "2035"]
[PlyCount "34"]
[EventDate "1999.12.15"]
[EventType "tourn (corr)"]
[EventRounds "8"]
[EventCountry "FRA"]
[SourceTitle "Corr 2004"]
[Source "ChessBase"]
[SourceDate "2003.04.28"]
[SourceVersion "3"]
[SourceVersionDate "2003.04.28"]
[SourceQuality "1"]

1. e4 c5 2. Nc3 d6 3. b3 e6 4. Nf3 Nc6 5. g3 Nf6 6. Bd3 Nd4 7. Ng5 Qa5 8. 0-0 c4 9. Bxc4 Qxg5 10. h4 Qa5 11. f4 b5 12. Nxb5 Nxb5 13. e5 dxe5 14. Qf3 Qb6+ 15. Rf2 Bb7 16. Qd1 Bc5 17. Qf1 Nd4 0-1